000 01163nam a22003257a 4500
003 CHAP
005 20220329140122.0
008 971013s1972 r 00010 d
010 _a47252
011 _a48224
035 _a52369
040 _cCHAP
090 _aTesis
100 0 0 _aValle Aguilar, Guillermo.
_9117572
245 _aEstudio preliminar de los efectos de la harina de gobernadora (Larrea tridentata Cov.) en la dieta de aves ponedoras en comparación con la alfalfa (Medicago sativa L.)
260 _aMonterrey, N.L. :
_bEl autor,
_c1972
300 _a61 h.
502 _aTesis (Ing. Agrónomo Zootecnista) -- ITESM. Div. de Ciencias Agropecuarias y Marítimas
590 _aALEPH
_b10
_c20130110
_lUCH01
_h1317
590 _aBATCH-UPD
_b10
_c20130110
_lUCH01
_h1310
590 _aBATCH-UPD
_b10
_c20130410
_lUCH01
_h0824
590 _aBATCH-UPD
_b10
_c20130914
_lUCH01
_h0251
590 _aCONVERSION
_b10
_c20130109
_lUCH01
_h1326
650 1 4 _aAlfalfa como forraje.
_93899
650 1 4 _aAves de corral
_xNutrición.
_98672
650 1 4 _aLarrea tridentata.
_964959
901 _aBK
942 _cTESIS
949 _bBC
_cTES
_d-116628
_eTS1
_i52369
_si
999 _c47252
_d47252